South Africa - schedules to the customs and excise act, 1964 (tariff book) 2012.
| Format: | Book |
|---|---|
| Published: |
[S.l]:
South African Revenue Service,
2012.
|
| Subjects: |
| LEADER | 00514cam a2200145 7i4500 | ||
|---|---|---|---|
| 001 | 0000029361 | ||
| 005 | 20130415090000.0 | ||
| 090 | 0 | 0 | |a T 382.7 |b SOU (S.AF) |
| 245 | 0 | 0 | |a South Africa - schedules to the customs and excise act, 1964 (tariff book) 2012. |
| 260 | 0 | 0 | |a [S.l]: |b South African Revenue Service, |c 2012. |
| 300 | # | # | |a [v.p]. |
| 650 | 0 | 0 | |a Tariff -- |z South Africa |
| 651 | 0 | 0 | |a South Africa |
| 999 | |a 0000032273 |b Book |c Tariffs |e Business Information Centre | ||
| 999 | |a 0000032272 |b Book |c Tariffs |e Business Information Centre | ||